Estadísticas para 100 Ciudades más pobladas de Europa

Haz click aquí para intentar la prueba.

Estadísticas generales

  • Esta prueba ha sido intentada 217 veces
  • La puntuación promedio es 52 de 100

Estadísticas de respuestas

PoblaciónPaísCiudad% Correcto
1,64MEspañaBarcelona
99%
8,98MInglaterraLondres
99%
3,28MEspañaMadrid
99%
12,1MRusiaMoscú
99%
2,16MFranciaParís
99%
2,87MItaliaRoma
99%
3,6MAlemaniaBerlín
98%
2,96MUcraniaKiev
98%
1,9MAustriaViena
96%
1,83MRumaníaBucarest
95%
15,46MTurquíaEstambul
95%
1,58MHungríaBudapest
94%
1,4MItaliaMilán
94%
1,7MPoloniaVarsovia
94%
1,98MBielorrusiaMinsk
91%
1,3MRepública ChecaPraga
91%
1,5MAlemaniaMúnich
90%
840kPaíses BajosÁmsterdam
89%
792kEspañaValencia
89%
682kEspañaSevilla
88%
1,23MBulgariaSofía
88%
5,4MRusiaSan Petersburgo
87%
750kGreciaAtenas
86%
959kItaliaNápoles
85%
634kNoruegaOslo
84%
975kSueciaEstocolmo
83%
631kFinlandiaHelsinki
82%
567kInglaterraMánchester
82%
1,37MSerbiaBelgrado
80%
1,8MAlemaniaHamburgo
80%
505kInglaterraLiverpool
79%
850kFranciaMarsella
78%
602kDinamarcaCopenhague
77%
544kIrlandaDublín
77%
806kCroaciaZagreb
77%
886kItaliaTurín
75%
742kLetoniaRiga
74%
491kFranciaLyon
73%
505kPortugalLisboa
71%
528kEscociaEdimburgo
68%
677kEscociaGlasgow
68%
673kEspañaZaragoza
67%
1,17MInglaterraBirmingham
66%
1,1MAlemaniaColonia
66%
766kPoloniaCracovia
66%
579kEspañaMálaga
66%
494kAlbaniaTirana
62%
800kAlemaniaFrankfurt
61%
560kLituaniaVilna
60%
638kItaliaPalermo
56%
632kPaíses BajosRoterdam
49%
818kInglaterraLeeds
48%
532kMoldaviaChisináu
47%
1,42MUcraniaJarkov
46%
1,01MUcraniaOdesa
46%
547kMacedoniaSkopie
46%
521kPaíses BajosLa Haya
44%
554kItaliaGénova
43%
587kAlemaniaDortmund
40%
619kAlemaniaDüsseldorf
40%
523kBélgicaAmberes
39%
908kUcraniaDonetsk
36%
569kAlemaniaBremen
33%
1,02MRusiaVolgogrado
33%
634kAlemaniaStuttgart
32%
1,26MRusiaKazán
29%
579kSueciaGotemburgo
28%
538kAlemaniaHannover
28%
740kUcraniaLeópolis
28%
999kUcraniaDnipró
26%
587kAlemaniaLeipzig
26%
477kInglaterraBristol
25%
753kPoloniaŁódź
23%
514kAlemaniaNúremberg
20%
1,14MRusiaSamara
20%
592kInglaterraSheffield
19%
554kAlemaniaDresden
18%
744kRusiaKrasnodar
18%
632kPoloniaBreslavia
17%
583kAlemaniaEssen
17%
567kPoloniaPoznan
15%
1,14MRusiaRostov del Don
15%
1,24MRusiaNizhni Novgorod
14%
1,05MRusiaPerm
13%
1,09MRusiaUfá
12%
960kRusiaVoronezh
10%
732kUcraniaZaporiyia
10%
837kRusiaSarátov
8%
540kInglaterraBradford
6%
500kAlemaniaDuisburgo
5%
628kRusiaIzhevsk
2%
477kUcraniaNicolaiev
2%
544kRusiaOremburgo
2%
719kRusiaToliatti
2%
520kRusiaAstracán
1%
619kRusiaKrivói Rog
1%
577kRusiaMajachkalá
1%
517kRusiaPenza
1%
525kRusiaRiazán
1%
613kRusiaUliánovsk
1%

Distribución de puntuación

Porcentaje por número respondido

Porcentaje de gente con cada puntuación

Historial de tus puntuaciones

No has intentado esta prueba.